LEADER 00883nam0-2200289---450- 001 990009126410403321 005 20091211110314.0 035 $a000912641 035 $aFED01000912641 035 $a(Aleph)000912641FED01 035 $a000912641 100 $a20091211d2004----km-y0itay50------ba 101 0 $aita 102 $aIT 105 $aa-------001yy 200 1 $aAppunti sul rapporto tra risorse naturali ed insediamenti antropici in Basilicata$fAntonio Graziadei 210 $aMelfi$cLibria$d2004 215 $a113 p.$cill.$d20 cm 610 0 $aBasilicata 700 1$aGraziadei,$bAntonio$f<1873-1953>$0119655 801 0$aIT$bUNINA$gRICA$2UNIMARC 901 $aBK 912 $a990009126410403321 952 $a19.370$b5752$fDARST 959 $aDARST 996 $aAppunti sul rapporto tra risorse naturali ed insediamenti antropici in Basilicata$9783873 997 $aUNINA LEADER 01157nam--2200397---450- 001 990003277290203316 005 20090622102037.0 010 $a978-88-464-8797-1 035 $a000327729 035 $aUSA01000327729 035 $a(ALEPH)000327729USA01 035 $a000327729 100 $a20090622d2007----km-y0itay50------ba 101 $aita 102 $aIT 105 $a||||||||001yy 200 1 $a<> sguardo multiplo$ecinema e letteratura in Bellocchio, Benigni, Bergman, Bertolucci, Dardly e Pasolini$fCaterina Selvaggi 210 $aMilano$cF. Angeli$dcopyr. 2007 215 $a127 p.$d23 cm 225 2 $a<> societą$v1 225 2 $aSaggi$v83 410 0$12001$a<> societą 410 0$aSaggi$v83 454 1$12001 461 1$1001-------$12001 606 0 $aCinema [e] Letteratura$2BNCF 676 $a791.43 700 1$aSELVAGGI,$bCaterina$0521770 801 0$aIT$bsalbc$gISBD 912 $a990003277290203316 951 $aXIII.2. 2244$b715 L.G.$cXIII.2.$d00226831 959 $aBK 969 $aUMA 979 $aMARTUCCIEL$b90$c20090622$lUSA01$h1020 996 $aSguardo multiplo$91118680 997 $aUNISA LEADER 01746nam 2200373 n 450 001 996392869003316 005 20221108021255.0 035 $a(CKB)4940000000110377 035 $a(EEBO)2240927667 035 $a(UnM)99866635 035 $a(EXLCZ)994940000000110377 100 $a19940413d1656 uy | 101 0 $aeng 135 $aurbn||||a|bb| 200 10$aChrists innocency pleaded: against the cry of the chief priests. Or, a brief and plain reply unto certain papers received from William Thomas (called) Minister of the Gospel at Ubley$b[electronic resource] /$fBy Thomas Speed, a servant of the Jesus Christ, who was at the request of the bloody crew of chief priests, and teachers, crucified at Jerusalem 210 $aLondon $cPrinted for Giles Calvert, at the Black-spread-Eagle, at the West end of Pauls.$d1656 215 $a[14], 60 p 300 $aA reply to an unidentified tract by William Thomas. 300 $aAnnotation on Thomason copy: "Jan: 22 1655"; also the last number of the imprint date has been marked through. 300 $aReproduction of the original in the British Library. 330 $aeebo-0018 606 $aSociety of Friends$vControversial literature$vEarly works to 1800 606 $aQuakers$vEarly works to 1800 615 0$aSociety of Friends 615 0$aQuakers 700 $aSpeed$b Thomas$fb. 1622 or 3.$01007456 801 0$bCu-RivES 801 1$bCu-RivES 801 2$bCStRLIN 801 2$bWaOLN 906 $aBOOK 912 $a996392869003316 996 $aChrists innocency pleaded: against the cry of the chief priests. Or, a brief and plain reply unto certain papers received from William Thomas (called) Minister of the Gospel at Ubley$92337516 997 $aUNISA LEADER 03707nam 22006615 450 001 9910298173503321 005 20200707004231.0 010 $a981-10-5266-2 024 7 $a10.1007/978-981-10-5266-8 035 $a(CKB)3780000000451133 035 $a(DE-He213)978-981-10-5266-8 035 $a(MiAaPQ)EBC4985188 035 $a(PPN)22223251X 035 $a(EXLCZ)993780000000451133 100 $a20170823d2018 u| 0 101 0 $aeng 135 $aurnn|008mamaa 181 $ctxt$2rdacontent 182 $cc$2rdamedia 183 $acr$2rdacarrier 200 10$aBusiness Sustainability Model for Malaysian Housing Developers /$fby Mastura Jaafar, Azlan Raofuddin Nuruddin, Syed Putra Syed Abu Bakar 205 $a1st ed. 2018. 210 1$aSingapore :$cSpringer Singapore :$cImprint: Springer,$d2018. 215 $a1 online resource (XXXV, 267 p. 1 illus. in color.) 311 $a981-10-5265-4 320 $aIncludes bibliographical references at the end of each chapters and index. 327 $aForeword.- Preface.- Introduction -- Private Housing Developers In Malaysia -- Small- And Medium-Scale Private Housing Developers.- Large-Scale And Public-Listed Housing Developers.- State-Owned Enterprises / Government-Linked Companies --  Summary -- Emerging Factors In Achieving Sustainable Competitive Advantage.- References. 330 $aThis book presents interviews with 20 successful Malaysian housing developers, to provide real-world insights and practical know-how for future developers. It is designed in a way that reveals the secrets of successful developers, from their origins to their current status with the interviews conducted in a semi-structured manner so that the interviewees were able to freely share their experiences, thoughts, opinions and tips acquired throughout their business careers. Covering the developers? success stories, from their background, educational history and personal traits to their business challenges and achievements, it appeals to academics and practitioners alike. 606 $aIndustrial management?Environmental aspects 606 $aReal estate management 606 $aProject management 606 $aBuildings?Design and construction 606 $aBuilding 606 $aConstruction 606 $aEngineering, Architectural 606 $aSustainability Management$3https://scigraph.springernature.com/ontologies/product-market-codes/515040 606 $aReal Estate Management$3https://scigraph.springernature.com/ontologies/product-market-codes/527040 606 $aProject Management$3https://scigraph.springernature.com/ontologies/product-market-codes/515020 606 $aBuilding Construction and Design$3https://scigraph.springernature.com/ontologies/product-market-codes/T23012 615 0$aIndustrial management?Environmental aspects. 615 0$aReal estate management. 615 0$aProject management. 615 0$aBuildings?Design and construction. 615 0$aBuilding. 615 0$aConstruction. 615 0$aEngineering, Architectural. 615 14$aSustainability Management. 615 24$aReal Estate Management. 615 24$aProject Management. 615 24$aBuilding Construction and Design. 676 $a658.408 700 $aJaafar$b Mastura$4aut$4http://id.loc.gov/vocabulary/relators/aut$01064738 702 $aNuruddin$b Azlan Raofuddin$4aut$4http://id.loc.gov/vocabulary/relators/aut 702 $aSyed Abu Bakar$b Syed Putra$4aut$4http://id.loc.gov/vocabulary/relators/aut 906 $aBOOK 912 $a9910298173503321 996 $aBusiness Sustainability Model for Malaysian Housing Developers$92540384 997 $aUNINA